000 00910nam2a2200253 4500
001 rc\2639795
005 20260315042455.0
035 _a(NLR Aleph) 006947814
090 _a13561084
_c13561084
100 _a20110603d1929 u y0rusy50 ca
101 1 _arus
102 _aRU
105 _ay z |||||
200 1 _aМотька-вор
_eРоман
_fПер. с евр. Д.Е. под ред. С. Гехта
210 _d1929
461 0 _1001rc\2639794
_12001#$aСобрание сочинений$vТ. 2
_1700#1$aАш$bШ.$gШолом$f1880-1957$3RU\NLR\AUTH\7770011
_95216950
_aАш, Ш. (1880-1957)
_cМосква
_d1929
_nЗемля и фабрика
_oТ. 2, 3, 5, 7
_tСобрание сочинений
_vТ. 2
702 0 _aД. Е.
_4730
702 1 _aГехт
_bС.
_4340
801 0 _aRU
_bNLR
_gpsbo
801 1 _aRU
_bELAR
_2rusmarc
852 _aNLR
_j77/19(2)
942 _cUNSPEC
980 _aNB